[Event "GER-ch Seniors-A 20th"]
[Site "Erfurt"]
[Date "2008.08.13"]
[Round "9"]
[White "Loose, Helmut"]
[Black "Hoose, Hannelore"]
[Result "1/2-1/2"]
[WhiteElo "1641"]
[BlackElo "1564"]
[PlyCount "36"]
[EventDate "2008.08.05"]
[EventType "swiss"]
[EventRounds "9"]
[EventCountry "GER"]
[SourceTitle "CBM 126 Extra"]
[Source "ChessBase"]
[SourceDate "2008.11.05"]
[SourceVersion "1"]
[SourceVersionDate "2008.11.05"]
[SourceQuality "1"]

1. c4 b6 2. d4 d6 3. Nc3 Bb7 4. e4 e6 5. Nf3 Be7 6. Bd3 Nf6 7. b3 Nbd7 8. Bb2 a6 9. Qc2 e5 10. d5 h6 11. a4 c6 12. 0-0 Rc8 13. b4 Qc7 14. Rfc1 Qd8 15. Qe2 c5 16. Ba3 cxb4 17. Bxb4 Nc5 18. Bxc5 dxc5 1/2-1/2

[Event "GER-ch Seniors-A 20th"]
[Site "Erfurt"]
[Date "2008.08.08"]
[Round "4"]
[White "Neese, Hans Joachim"]
[Black "Loose, Helmut"]
[Result "1-0"]
[WhiteElo "2086"]
[BlackElo "1641"]
[PlyCount "81"]
[EventDate "2008.08.05"]
[EventType "swiss"]
[EventRounds "9"]
[EventCountry "GER"]
[SourceTitle "CBM 126 Extra"]
[Source "ChessBase"]
[SourceDate "2008.11.05"]
[SourceVersion "1"]
[SourceVersionDate "2008.11.05"]
[SourceQuality "1"]

1. d4 Nf6 2. c4 g6 3. g3 Bg7 4. Bg2 0-0 5. Nc3 d6 6. e4 e5 7. d5 Bg4 8. f3 Bd7 9. Be3 c5 10. Nh3 Bxh3 11. Bxh3 Na6 12. a3 Nc7 13. b4 b6 14. 0-0 h6 15. bxc5 bxc5 16. Qa4 Qe7 17. Rab1 Rfb8 18. Rxb8+ Rxb8 19. Qxa7 Ra8 20. Qb7 Rxa3 21. Bd2 Bf8 22. Qb2 Ra8 23. Ra1 Qd8 24. Ra3 Rxa3 25. Qxa3 Qb8 26. Qa2 Kh7 27. f4 exf4 28. gxf4 Bg7 29. Qc2 Nfe8 30. Ne2 Qd8 31. Be1 Qe7 32. Bg3 Na6 33. Bg2 Nb4 34. Qd2 Qa7 35. Bf1 Qa1 36. Qc1 Qa2 37. e5 dxe5 38. fxe5 Nd3 39. Qe3 Qc2 40. d6 Nb4 41. d7 1-0

[Event "GER-ch Seniors-A 20th"]
[Site "Erfurt"]
[Date "2008.08.06"]
[Round "2"]
[White "Aigner, Georg"]
[Black "Loose, Helmut"]
[Result "1-0"]
[WhiteElo "1840"]
[BlackElo "1641"]
[PlyCount "71"]
[EventDate "2008.08.05"]
[EventType "swiss"]
[EventRounds "9"]
[EventCountry "GER"]
[SourceTitle "CBM 126 Extra"]
[Source "ChessBase"]
[SourceDate "2008.11.05"]
[SourceVersion "1"]
[SourceVersionDate "2008.11.05"]
[SourceQuality "1"]

1. e4 e5 2. Nf3 Nc6 3. Bb5 a6 4. Bxc6 dxc6 5. 0-0 Bd6 6. d4 f6 7. dxe5 fxe5 8. Nxe5 Nf6 9. Nf3 Be7 10. Nc3 Bg4 11. Bf4 Bxf3 12. Qxf3 0-0 13. Rad1 Qe8 14. Bg3 b5 15. e5 b4 16. exf6 Rxf6 17. Qd3 bxc3 18. Qxc3 Bd6 19. Qxc6 Bxg3 20. Qc4+ Qe6 21. Qxe6+ Rxe6 22. fxg3 Re2 23. Rf2 Rae8 24. Kf1 R2e7 25. Rfd2 Rf7+ 26. Kg1 Rfe7 27. Rd8 Kf7 28. Rxe8 Kxe8 29. Kf2 Kf7 30. Rd3 Ke8 31. Re3 Kd7 32. Rxe7+ Kxe7 33. Ke3 Kd6 34. Kd4 a5 35. Kc4 Ke5 36. Kb5 1-0

[Event "GER-ch Seniors-A 20th"]
[Site "Erfurt"]
[Date "2008.08.05"]
[Round "1"]
[White "Loose, Helmut"]
[Black "Neumann, Erwin"]
[Result "1/2-1/2"]
[WhiteElo "1641"]
[BlackElo "1779"]
[PlyCount "37"]
[EventDate "2008.08.05"]
[EventType "swiss"]
[EventRounds "9"]
[EventCountry "GER"]
[SourceTitle "CBM 126 Extra"]
[Source "ChessBase"]
[SourceDate "2008.11.05"]
[SourceVersion "1"]
[SourceVersionDate "2008.11.05"]
[SourceQuality "1"]

1. e4 e5 2. Nf3 Nf6 3. d4 Nxe4 4. Bd3 d5 5. Nxe5 Be6 6. 0-0 Be7 7. Re1 Nf6 8. Bg5 Nbd7 9. Nd2 0-0 10. Ndf3 h6 11. Be3 Bd6 12. c3 c6 13. Qc2 Qc7 14. Bf4 Rfe8 15. Qd2 Ng4 16. Re2 Nf8 17. Rae1 Nxe5 18. Bxe5 Bxe5 19. Nxe5 1/2-1/2

[Event "Bad Frankenhausen op 2nd"]
[Site "Bad Frankenhausen"]
[Date "2008.07.08"]
[Round "4"]
[White "Loose, Helmut"]
[Black "Schwebbach, Angelika"]
[Result "1/2-1/2"]
[WhiteElo "1891"]
[BlackElo "1843"]
[PlyCount "39"]
[EventDate "2008.07.05"]
[EventType "swiss"]
[EventRounds "7"]
[EventCountry "GER"]
[SourceTitle "EXT 2009"]
[Source "ChessBase"]
[SourceDate "2008.11.26"]
[SourceVersion "1"]
[SourceVersionDate "2008.11.26"]
[SourceQuality "1"]

1. e4 e5 2. Nf3 Nc6 3. Bb5 d6 4. 0-0 Be7 5. d4 exd4 6. Nxd4 Bd7 7. Nxc6 bxc6 8. Bc4 Bf6 9. c3 Ne7 10. Be3 Ng6 11. f4 0-0 12. Nd2 Qc8 13. Nf3 Re8 14. Bd3 a5 15. Qd2 c5 16. Qf2 Bc6 17. e5 Be7 18. Bxg6 hxg6 19. c4 Qf5 20. Nd2 1/2-1/2